000 00281nam a22001217a 4500
003 SGT
082 _a300.72,ADA
100 _aADAMS,JOHAN
245 _aRESEARCH METHODS FOR BUSINESS AND AOCIAL SCIENCE STUDENT
260 _bSAGE PUB.
_c2014
300 _a280
942 _2ddc
_cGF BOOKS
999 _c34414
_d34414